[Event "FINAL MISTRZOSTW POLSKI JUNIOROW 2018 - GRUPA  D16"]
[Site "Jastrzebia Gora"]
[Date "1899-12-30"]
[Round "6.11"]
[White "Orlik, Sandra"]
[Black "Choinska, Debora"]
[Result "1/2-1/2"]
[WhiteTitle "I++"]
[BlackTitle "I"]
[WhiteElo "1699"]
[BlackElo "1503"]

1. d4 d5 2. Nf3 Nf6 3. e3 e6 4. Bd3 Be7 5. Nbd2 c5 6. b3 O-O 7. O-O Nbd7 8. Bb2
b6 9. Ne5 Nxe5 10. dxe5 Nd7 11. e4 d4 12. f4 Bb7 13. Qg4 Re8 14. Nf3 a6 15. Rad1
b5 16. c3 dxc3 17. Bxc3 Qc7 18. Kh1 Rad8 19. Ng5 Bxg5 20. Qxg5 c4 21. bxc4 bxc4
22. Bc2 Nc5 23. Rxd8 Qxd8 24. Qxd8 Rxd8 25. Ba5 Rd7 26. Rb1 h6 27. Kg1 Bxe4 28.
Bxe4 Nxe4 29. Rc1 Rd5 30. Be1 Rc5 31. Kf1 f6 32. exf6 Nxf6 33. Ke2 Nd5 34. Kf3
Kf7 35. Ke4 Rc6 36. g3 Ke7 37. Kd4 Kd6 38. Rxc4 Rxc4+ 39. Kxc4 Kc6 40. Bf2 g6
41. Bc5 Nf6 42. Bf8 h5 43. Bg7 Nd7 44. Bc3 Kb6 45. Bb4 Kc6 46. Bc3 Kb6 47. h3
Kc6 48. g4 hxg4 49. hxg4 Kd6 50. Bb4+ Kc6 51. Be7 Kb6 52. Kb4 Kc6 53. Kc4 Kb6
54. a3 Kc6 55. Bd8 Kd6 56. Bh4 Kc6 57. Be7 Kb6 58. Kd4 Kb5 59. Bd6 Kc6 60. Bb4
Kb5 61. Be7 Kc6 62. Ke4 Kb5 63. Kf3 Kc4 64. Kg3 Kd4 65. Kh4 Ke4 66. Kg5 Kf3 67.
Bd6 Nb6 68. Kxg6 Kxg4 69. Kf6 Nd5+ 70. Kxe6 Nxf4+ 71. Kd7 Nd5 72. Bb4 Kf5 73.
Kc6 Ke6 74. Kb7 Kd7 75. Kxa6 Kc7 76. Kb5 Kb7 77. Bc5 Ka8 78. Bd4 Nc7+ 79. Kc6
Ne6 80. Bb6 Nf8 81. a4 Ne6 82. a5 Nf8 83. a6 Ne6 84. Be3 1/2-1/2

[Event "FINAL MISTRZOSTW POLSKI JUNIOROW 2018 - GRUPA  D16"]
[Site "Jastrzebia Gora"]
[Date "1899-12-30"]
[Round "6.12"]
[White "Waszczuk, Patrycja"]
[Black "Sawa, Daria"]
[Result "1-0"]
[WhiteTitle "k"]
[BlackTitle "I"]
[WhiteElo "1927"]
[BlackElo "1432"]

1. f4 d5 2. Nf3 Nf6 3. g3 Nc6 4. Bg2 e6 5. b3 Bd6 6. Bb2 Bd7 7. O-O O-O 8. e3 Re8
9. Ne5 Ne7 10. g4 h6 11. Qf3 Nh7 12. d3 f6 13. Nxd7 Qxd7 14. c4 c6 15. Nd2 Ng6
16. Qf2 Rad8 17. Nf3 dxc4 18. bxc4 e5 19. f5 Ne7 20. Rad1 c5 21. Nd2 b6 22. h4
Nc6 23. a3 Bb8 24. Bd5+ Kh8 25. Ne4 Rf8 26. Qg2 Ne7 27. Be6 Qc6 28. g5 fxg5 29.
hxg5 Ng8 30. Qh2 Qc7 31. g6 Nhf6 32. Ng5 Ng4 33. Qh3 Nxe3 34. Qxe3 hxg5 35. Bxg8
Kxg8 36. Qh3 Rfe8 37. Qh7+ Kf8 38. Qh8+ Ke7 39. Qxg7+ Kd6 40. Qf6+ Kd7 41. Qxg5
1-0

[Event "FINAL MISTRZOSTW POLSKI JUNIOROW 2018 - GRUPA  D16"]
[Site "Jastrzebia Gora"]
[Date "1899-12-30"]
[Round "6.13"]
[White "Wolagiewicz, Kinga"]
[Black "Raczykowska, Paulina"]
[Result "0-1"]
[WhiteTitle "I"]
[BlackTitle "k"]
[WhiteElo "1689"]
[BlackElo "1897"]

1. e4 e5 2. Nf3 Nc6 3. Bb5 a6 4. Ba4 Nf6 5. Qe2 b5 6. Bb3 Bc5 7. a4 Rb8 8. axb5
axb5 9. d3 O-O 10. Be3 Bb6 11. O-O d5 12. exd5 Nxd5 13. Bxb6 Rxb6 14. Qe4 Nf6
15. Qh4 Qd6 16. Nbd2 Bb7 17. Rfe1 h6 18. Qg3 Re8 19. Nh4 Nd4 20. c3 Nxb3 21. Nf5
Qf8 22. Nxb3 Nh5 23. Qh4 Nf4 24. f3 Rg6 25. Ng3 Nxd3 26. Re2 Nf4 27. Rd2 c5 28.
Rad1 Rg5 29. Ne4 Bxe4 30. fxe4 c4 31. Nc1 Qc5+ 32. Kh1 Qc6 33. Qe1 Re6 34. g3
Nh5 35. Rg2 Nf6 36. Rd8+ Kh7 37. Rf8 Qb7 38. b4 Nxe4 39. Qf1 Rf6 40. Qe2 Nf2+
41. Kg1 Nh3+ 42. Kh1 Rgf5 43. Qc2 g6 0-1

[Event "FINAL MISTRZOSTW POLSKI JUNIOROW 2018 - GRUPA  D16"]
[Site "Jastrzebia Gora"]
[Date "1899-12-30"]
[Round "6.14"]
[White "Pyzio, Amelia"]
[Black "Tarka, Aleksandra"]
[Result "1/2-1/2"]
[WhiteTitle "I++"]
[BlackTitle "I++"]
[WhiteElo "1780"]
[BlackElo "1761"]

1. e4 c5 2. Nf3 Nc6 3. d4 cxd4 4. Nxd4 Nf6 5. Nc3 e5 6. Ndb5 d6 7. Bg5 a6 8. Na3
Be6 9. Nd5 Bxd5 10. Bxf6 gxf6 11. Qxd5 Rc8 12. c3 b5 13. Nc2 Bh6 14. Rd1 Ke7 15.
a4 Na5 16. axb5 axb5 17. Nb4 Rc5 18. Qa2 Nc4 19. Bxc4 Rxc4 20. Qxc4 bxc4 21. Nc6+
Ke6 22. Nxd8+ Rxd8 23. Ke2 Rb8 24. Rb1 f5 25. exf5+ Kxf5 26. Rhd1 Ke6 27. b4 cxb3
28. Rb2 d5 29. Rdb1 Bg7 30. Rxb3 Rc8 31. f3 h5 32. Rb6+ Kf5 33. R1b5 Rxc3 34.
Rxd5 f6 35. Rdd6 Rc2+ 36. Rd2 Rc3 37. Rb4 Bh6 38. Ra2 Re3+ 39. Kf2 Rc3 40. g3
Bg5 41. h4 Be3+ 42. Kg2 Bd4 43. Rb1 Re3 44. Rf1 Rc3 45. Re2 Be3 46. Rfe1 Bd4 47.
Re4 Kg6 48. R4e2 Kf5 49. Rd1 Rb3 50. Rc2 Ra3 51. Rb1 Rd3 52. Ra2 Re3 53. Rc1 Rb3
54. Rc6 Rb5 55. Raa6 e4 56. fxe4+ Kxe4 57. Rc2 Be5 58. Ra4+ Kf5 59. Rf2+ Kg6 60.
Ra3 Rb4 61. Raf3 Rg4 62. Kh3 Rc4 63. Rf5 Rg4 64. R5f3 Rc4 65. Rg2 Rg4 66. Rf1
Kg7 67. Rc1 Kh7 68. Rc8 Kg7 69. Ra8 Kh7 70. Ra7+ Kg6 71. Ra8 Kg7 1/2-1/2

[Event "FINAL MISTRZOSTW POLSKI JUNIOROW 2018 - GRUPA  D16"]
[Site "Jastrzebia Gora"]
[Date "1899-12-30"]
[Round "6.15"]
[White "Lascar, Maria Elena"]
[Black "Filipska, Maja"]
[Result "1-0"]
[WhiteTitle "I+"]
[BlackTitle "I++"]
[WhiteElo "1540"]
[BlackElo "1708"]

1. e4 d6 2. d4 Nf6 3. Nc3 g6 4. Be2 Bg7 5. h4 h5 6. Nf3 c6 7. Ng5 b5 8. a4 b4 9.
Na2 a5 10. f3 Ba6 11. c4 bxc3 12. Nxc3 Qc7 13. Be3 Bxe2 14. Qxe2 Na6 15. O-O O-O
16. Rfd1 Nb4 17. Rac1 Qb7 18. Nh3 Rab8 19. Nf2 Rfc8 20. g4 Kh7 21. g5 Nd7 22.
f4 Nb6 23. b3 Nd7 24. Rd2 c5 25. d5 Qb6 26. Nfd1 Bd4 27. Nb5 Bxe3+ 28. Nxe3 c4
29. bxc4 Nc5 30. Rdd1 Nxe4 31. Kg2 Nc5 32. Ra1 Qd8 33. Ra3 Qd7 34. Qf3 Qe8 35.
f5 Nd7 36. Rf1 Ne5 37. Qe2 Qd7 38. Rc3 Na6 39. Nc2 Nc5 40. Ra3 Rb7 41. Ncd4 Kg7
42. f6+ exf6 43. Rxf6 Rb6 44. Rxd6 Ned3 45. Rxd7 Nf4+ 46. Kf1 Nxe2 47. Rd6 Rxd6
48. Nxd6 Rd8 49. Nxf7 Kxf7 50. Kxe2 Re8+ 51. Re3 Rxe3+ 52. Kxe3 Nxa4 53. Nc6 Nb6
54. Nxa5 Ke7 55. Kd4 Nc8 56. c5 Kd7 57. Nc4 Ke7 58. Ne5 1-0

[Event "FINAL MISTRZOSTW POLSKI JUNIOROW 2018 - GRUPA  D16"]
[Site "Jastrzebia Gora"]
[Date "1899-12-30"]
[Round "6.16"]
[White "Bilczewska, Olga"]
[Black "Chomicka, Kinga"]
[Result "1-0"]
[WhiteTitle "I+"]
[BlackTitle "I"]
[WhiteElo "1609"]
[BlackElo "1398"]

1. e4 e5 2. Nf3 Nc6 3. Bc4 Bc5 4. c3 Nf6 5. d4 exd4 6. O-O O-O 7. cxd4 Bb6 8. d5
Ne7 9. e5 Ne8 10. d6 cxd6 11. exd6 Ng6 12. Nc3 Nf6 13. b4 a6 14. Qd3 Kh8 15. Re1
Ng4 16. Re2 f6 17. Qd5 Re8 18. Nd4 Bxd4 19. Qxd4 Rxe2 20. Bxe2 N4e5 21. a4 Qf8
22. b5 Nf7 23. Ba3 axb5 24. Bxb5 Nge5 25. Re1 Ng5 26. Qe3 Ne6 27. f4 Nc6 28. f5
Ng5 29. Qe8 Kg8 30. Bc4+ Ne6 31. Qxf8+ Kxf8 32. fxe6 Ne5 33. e7+ Ke8 34. Bg8 Ra6
35. Nb5 Rc6 36. Nc7+ Rxc7 37. dxc7 h6 38. Bd6 g5 39. Bxe5 fxe5 40. Rxe5 d6 41.
Bf7+ 1-0

[Event "FINAL MISTRZOSTW POLSKI JUNIOROW 2018 - GRUPA  D16"]
[Site "Jastrzebia Gora"]
[Date "1899-12-30"]
[Round "6.17"]
[White "Zygmunt, Patrycja"]
[Black "Roszkiewicz, Anna"]
[Result "0-1"]
[WhiteTitle "I"]
[BlackTitle "I+"]
[WhiteElo "1370"]
[BlackElo "1693"]

1. e4 c5 2. Nc3 Nc6 3. g3 g6 4. Bg2 Bg7 5. d3 d6 6. f4 e6 7. Be3 Nge7 8. Nge2 Nd4
9. Qd2 O-O 10. Nd1 Nec6 11. c3 Nxe2 12. Qxe2 Rb8 13. O-O b5 14. g4 b4 15. f5 Ba6
16. g5 Ne5 17. c4 exf5 18. exf5 gxf5 19. Rxf5 Bc8 20. Rf1 Bg4 21. Qc2 Qd7 22.
Nf2 Nf3+ 23. Bxf3 Bxf3 24. Ne4 Qg4+ 25. Ng3 Rbe8 26. Qf2 Rxe3 27. Qc2 Re2 28.
Qa4 Rg2+ 29. Kh1 Rxh2+ 30. Kxh2 Qh4+ 0-1

[Event "FINAL MISTRZOSTW POLSKI JUNIOROW 2018 - GRUPA  D16"]
[Site "Jastrzebia Gora"]
[Date "1899-12-30"]
[Round "6.18"]
[White "Komorowska, Marcelina"]
[Black "Nowicka, Julia"]
[Result "1-0"]
[WhiteTitle "II+"]
[BlackTitle "I"]
[WhiteElo "1209"]
[BlackElo "1283"]

1. e4 e5 2. Nf3 Nc6 3. d4 exd4 4. Nxd4 Qh4 5. Nc3 Bb4 6. Qd3 Nf6 7. Bd2 Bxc3 8.
Bxc3 Nxe4 9. g3 Nxg3 10. fxg3 Qg5 11. Nxc6 bxc6 12. Qd2 Qg4 13. Be2 Qe6 14. b3
O-O 15. O-O-O a5 16. Rde1 Qe7 17. Qd4 Qg5+ 18. Kb1 f6 19. a4 Rb8 20. Rhg1 c5 21.
Bc4+ Kh8 22. Qe3 Qg4 23. Qxc5 d6 24. Qd4 Qg6 25. Qd3 Bf5 26. Qd2 d5 27. Bb5 c6
28. Bxc6 Rxb3+ 29. Ka2 Rb6 30. Bb5 Qf7 31. Bd4 Rbb8 32. c3 Bd7 33. Bxd7 Qxd7 34.
Qc2 Qc6 35. Rb1 Qc4+ 36. Ka3 Rfc8 37. Rxb8 Rxb8 38. Rb1 Rc8 39. Qb3 Qc6 40. Qb6
Qd7 41. Qxa5 Qe7+ 42. Qb4 1-0

[Event "FINAL MISTRZOSTW POLSKI JUNIOROW 2018 - GRUPA  D16"]
[Site "Jastrzebia Gora"]
[Date "1899-12-30"]
[Round "7.1"]
[White "Sowa, Wiktoria"]
[Black "Malicka, Maria"]
[Result "0-1"]
[WhiteTitle "k"]
[BlackTitle "WCM"]
[WhiteElo "1993"]
[BlackElo "2135"]

1. e4 e5 2. Nf3 Nc6 3. Bb5 a6 4. Ba4 Nf6 5. O-O b5 6. Bb3 Bc5 7. a4 Rb8 8. axb5
axb5 9. Nxe5 Nxe5 10. d4 Bxd4 11. Qxd4 d6 12. f4 Ng6 13. Bd5 O-O 14. Nc3 c5 15.
Qd3 b4 16. Nd1 Nxd5 17. exd5 Bd7 18. Qg3 Qh4 19. Qxh4 Nxh4 20. b3 Ra8 21. Rxa8
Rxa8 22. Ne3 Nf5 23. g4 Nxe3 24. Bxe3 Re8 25. Kf2 Bxg4 26. Ra1 Bf5 27. Ra6 Rd8
28. Ra2 Be4 29. Ke2 Bxd5 30. Ra6 Be4 31. Kd2 Kf8 32. c4 Ke7 33. Bf2 Ra8 34. Rxa8
Bxa8 35. Kd3 Ke6 36. Bh4 f6 37. Ke3 Kf5 38. Be1 Be4 39. Bg3 Bc2 40. Kd4 Ke5+ 0-1

[Event "FINAL MISTRZOSTW POLSKI JUNIOROW 2018 - GRUPA  D16"]
[Site "Jastrzebia Gora"]
[Date "1899-12-30"]
[Round "7.2"]
[White "Moscicka, Pola"]
[Black "Kucharska, Honorata"]
[Result "0-1"]
[WhiteTitle "k+"]
[BlackTitle "WFM"]
[WhiteElo "1868"]
[BlackElo "2082"]

1. d4 d6 2. c4 Nf6 3. Nc3 Nbd7 4. Nf3 e5 5. e4 g6 6. Be2 Bg7 7. O-O O-O 8. Re1
c6 9. Bf1 Re8 10. d5 c5 11. a3 Rf8 12. b4 b6 13. Rb1 h6 14. Bd2 Kh7 15. Na4 Ng8
16. bxc5 bxc5 17. Bd3 Kh8 18. Bc3 f5 19. Qd2 f4 20. Ba5 Qe7 21. Nc3 g5 22. h3
h5 23. Nh2 Bh6 24. Qd1 f3 25. Nxf3 g4 26. hxg4 hxg4 27. Nh2 Ndf6 28. Nb5 a6 29.
Nc3 Qg7 30. g3 Nh7 31. Be2 Ngf6 32. Kg2 Ra7 33. Rf1 Raf7 34. Rb2 Ng5 35. Bxg4
Nxg4 36. Nxg4 Nf3 37. Nh2 Nxh2 38. Kxh2 Bg4 39. Qe1 Bf3 40. Rh1 Qg4 41. Kg1 Bxh1
42. Kxh1 Rh7 0-1

[Event "FINAL MISTRZOSTW POLSKI JUNIOROW 2018 - GRUPA  D16"]
[Site "Jastrzebia Gora"]
[Date "1899-12-30"]
[Round "7.3"]
[White "Karlyk, Maria"]
[Black "Rudzinska, Michalina"]
[Result "0-1"]
[WhiteTitle "I"]
[BlackTitle "k+"]
[WhiteElo "1636"]
[BlackElo "2066"]

1. e4 c5 2. b3 e6 3. Bb2 a6 4. d3 Nc6 5. g3 d6 6. Bg2 Nf6 7. f4 Be7 8. Nf3 O-O
9. O-O b5 10. Nbd2 Qb6 11. Kh1 Bb7 12. h3 d5 13. Kh2 dxe4 14. dxe4 Rfd8 15. Qe1
Nb4 16. Bxf6 Bxf6 17. e5 Be7 18. Qc1 c4 19. bxc4 bxc4 20. Nxc4 Qc5 21. Ne3 Rac8
22. Ne1 Bxg2 23. Kxg2 Qc6+ 24. Kh2 Qc3 25. Rf3 Bc5 26. N3g2 Qd4 27. Nd3 Nxc2 28.
Nxc5 Nxa1 29. Rd3 Qxd3 30. Nxd3 Rxc1 31. Nxc1 Rd1 32. Nb3 Nxb3 33. axb3 Rb1 0-1

[Event "FINAL MISTRZOSTW POLSKI JUNIOROW 2018 - GRUPA  D16"]
[Site "Jastrzebia Gora"]
[Date "1899-12-30"]
[Round "7.4"]
[White "Kulpa, Zuzanna"]
[Black "Swiech, Joanna"]
[Result "1/2-1/2"]
[WhiteTitle "I++"]
[BlackTitle "k"]
[WhiteElo "1839"]
[BlackElo "1995"]

1. d4 d5 2. c4 e6 3. Nc3 Nf6 4. Bg5 Be7 5. e3 O-O 6. Nf3 b6 7. Bd3 Bb7 8. O-O Nbd7
9. Qe2 h6 10. Bh4 c5 11. Rfd1 Ne4 12. Bg3 Nxg3 13. hxg3 Nf6 14. cxd5 exd5 15.
Ba6 Qc8 16. Bxb7 Qxb7 17. dxc5 bxc5 18. b3 Rfd8 19. Rac1 Rac8 20. Nh4 g6 21. Nf3
Rd6 22. Na4 Re6 23. Qd3 a6 24. Rc2 Bf8 25. Rdc1 Rec6 26. Nd2 Qb5 27. Rc3 c4 28.
Qc2 cxb3 29. Qxb3 Rxc3 30. Rxc3 Rxc3 31. Qxb5 axb5 32. Nxc3 Bb4 33. Ndb1 Bxc3
34. Nxc3 b4 35. Nb5 Ne4 36. Kf1 Kf8 37. Ke2 Ke7 38. g4 Kd7 39. f3 Nc5 40. Kd2
Kc6 1/2-1/2

[Event "FINAL MISTRZOSTW POLSKI JUNIOROW 2018 - GRUPA  D16"]
[Site "Jastrzebia Gora"]
[Date "1899-12-30"]
[Round "7.5"]
[White "Kalinowska, Zuzanna"]
[Black "Jarocka, Liwia"]
[Result "1/2-1/2"]
[WhiteTitle "k+"]
[BlackTitle "FM"]
[WhiteElo "1980"]
[BlackElo "1989"]

1. d4 Nf6 2. Nf3 e6 3. c4 d5 4. Bg5 Nbd7 5. Nc3 c6 6. cxd5 exd5 7. e3 h6 8. Bh4
g5 9. Bg3 Nh5 10. Bd3 Nxg3 11. hxg3 Bg7 12. Bc2 Nb6 13. Ne5 Qe7 14. f4 Be6 15.
Qf3 Bxe5 16. dxe5 O-O-O 17. O-O-O f5 18. Kb1 g4 19. Qf2 h5 20. Bd3 Kb8 21. Qc2
Rdf8 22. Rh4 Qf7 23. Ne2 Nd7 24. Nd4 c5 25. Nxe6 Qxe6 26. Bb5 Rc8 27. Rdh1 d4
28. Rxh5 Rxh5 29. Rxh5 dxe3 30. Qd3 Nb6 31. Qxe3 c4 32. b3 Nd5 33. Qd4 cxb3 34.
Bc4 bxa2+ 35. Bxa2 Nc3+ 36. Qxc3 Qxa2+ 37. Kxa2 Rxc3 38. Rxf5 Rxg3 1/2-1/2

[Event "FINAL MISTRZOSTW POLSKI JUNIOROW 2018 - GRUPA  D16"]
[Site "Jastrzebia Gora"]
[Date "1899-12-30"]
[Round "7.6"]
[White "Czarniecka, Aleksandra"]
[Black "Harazinska, Magdalena"]
[Result "0-1"]
[WhiteTitle "k"]
[BlackTitle "k"]
[WhiteElo "2015"]
[BlackElo "2053"]

1. e4 e6 2. d4 d5 3. Nd2 c5 4. exd5 Qxd5 5. Ngf3 cxd4 6. Bd3 Nf6 7. Bc4 Qd6 8.
Qe2 Nc6 9. Nb3 a6 10. a4 Be7 11. g3 e5 12. Ng5 O-O 13. Bd2 Bf5 14. O-O-O h6 15.
Nf3 b5 16. axb5 axb5 17. Bxb5 Ra2 18. Be1 Rxb2 19. Kxb2 Qa3+ 20. Kb1 Qxb3+ 21.
Ka1 Ra8+ 22. Ba6 Qa3+ 0-1

[Event "FINAL MISTRZOSTW POLSKI JUNIOROW 2018 - GRUPA  D16"]
[Site "Jastrzebia Gora"]
[Date "1899-12-30"]
[Round "7.7"]
[White "Hryn, Zofia"]
[Black "Budkiewicz, Magdalena"]
[Result "1-0"]
[WhiteTitle "I++"]
[BlackTitle "I++"]
[WhiteElo "1574"]
[BlackElo "1739"]

1. d4 Nf6 2. Nf3 g6 3. c4 Bg7 4. Nc3 d6 5. e4 O-O 6. Be2 e5 7. dxe5 dxe5 8. Qxd8
Rxd8 9. Bg5 Re8 10. Rd1 Na6 11. Nxe5 Rxe5 12. Rd8+ Ne8 13. f4 Re6 14. e5 f6 15.
exf6 Bf8 16. O-O Nd6 17. c5 Nf7 18. Rfd1 Nxd8 19. Rxd8 Kf7 20. Bc4 Bxc5+ 21. Kf1
b5 22. Bxe6+ Kxe6 23. Re8+ Kf7 24. Rh8 Bf8 25. Nxb5 Bb7 26. Nxc7 Nxc7 27. Rxh7+
Ke6 28. Rxc7 Be4 29. Kf2 Bd6 30. Rg7 Rb8 31. Ke3 Bb1 32. Kf3 Rxb2 33. Rxa7 Bc5
34. Rc7 Bb6 35. Re7+ Kd5 36. f7 Rf2+ 37. Kg3 Rf1 38. Re5+ Kc4 39. f8=Q Bf2+ 40.
Kh3 Bf5+ 41. Rxf5 gxf5 42. Qxf5 Bd4 43. Qc2+ Kd5 44. Qd3 1-0

[Event "FINAL MISTRZOSTW POLSKI JUNIOROW 2018 - GRUPA  D16"]
[Site "Jastrzebia Gora"]
[Date "1899-12-30"]
[Round "7.8"]
[White "Furtak, Joanna"]
[Black "Orlik, Sandra"]
[Result "1-0"]
[WhiteTitle "I++"]
[BlackTitle "I++"]
[WhiteElo "1683"]
[BlackElo "1699"]

1. e4 c5 2. Nf3 a6 3. c4 d6 4. d4 Bg4 5. dxc5 Bxf3 6. Qxf3 dxc5 7. Nc3 Nc6 8. Nd5
e6 9. Ne3 Nf6 10. Nc2 Be7 11. Be2 Nd4 12. Nxd4 Qxd4 13. e5 Qxe5 14. Qxb7 Qb8 15.
Qc6+ Nd7 16. Bf4 Qc8 17. Bf3 Qxc6 18. Bxc6 Ra7 19. Bb8 O-O 20. Bxa7 Ne5 21. Bf3
Nxc4 22. b3 Ne5 23. Rd1 c4 24. bxc4 Bb4+ 25. Ke2 Nxc4 26. Rd4 1-0

[Event "FINAL MISTRZOSTW POLSKI JUNIOROW 2018 - GRUPA  D16"]
[Site "Jastrzebia Gora"]
[Date "1899-12-30"]
[Round "7.9"]
[White "Michalska, Aleksandra"]
[Black "Waszczuk, Patrycja"]
[Result "0-1"]
[WhiteTitle "I"]
[BlackTitle "k"]
[WhiteElo "1661"]
[BlackElo "1927"]

1. e4 d5 2. exd5 Qxd5 3. Nc3 Qd6 4. h3 Nf6 5. Nge2 b6 6. d4 Bb7 7. Bf4 Qd8 8. Rg1
e6 9. Qd3 Nbd7 10. g4 a6 11. Bg2 Bxg2 12. Rxg2 b5 13. Qf3 b4 14. Bxc7 Qc8 15.
Ne4 Nd5 16. Nd6+ Bxd6 17. Bxd6 Qc6 18. Qg3 Qxc2 19. Qb3 Qc6 20. Qg3 Qc2 21. Qb3
Qxb3 22. axb3 N7b6 23. Ng3 Kd7 24. Bc5 Nf4 25. Rg1 Nbd5 26. h4 Nd3+ 27. Kd2 Nxc5
28. dxc5 Kc6 29. Ne4 Rhd8 30. Ke2 Nf4+ 31. Ke3 e5 32. Nd6 f6 33. g5 Rd7 34. gxf6
gxf6 35. Ra5 Ne6 36. Ke4 Nxc5+ 37. Rxc5+ Kxc5 38. Nf5 Kb5 39. h5 Rc8 40. h6 Rc2
41. Rg7 Kc6 42. Ne7+ Kd6 43. Nd5 Rxf2 44. Ke3 Rf1 45. Nxb4 Rxg7 46. hxg7 Rg1 47.
Nxa6 Rxg7 48. b4 h5 49. Nc5 f5 50. Nd3 Rg3+ 51. Ke2 h4 52. b5 Rxd3 53. Kxd3 h3
54. b6 h2 55. Kd4 0-1

[Event "FINAL MISTRZOSTW POLSKI JUNIOROW 2018 - GRUPA  D16"]
[Site "Jastrzebia Gora"]
[Date "1899-12-30"]
[Round "7.10"]
[White "Raczykowska, Paulina"]
[Black "Lascar, Maria Elena"]
[Result "1-0"]
[WhiteTitle "k"]
[BlackTitle "I+"]
[WhiteElo "1897"]
[BlackElo "1540"]

1. e4 c5 2. Nf3 a6 3. d4 cxd4 4. Nxd4 Nf6 5. Nc3 e5 6. Nb3 Bb4 7. Bd2 O-O 8. Bd3
Nc6 9. a3 Bxc3 10. Bxc3 d5 11. exd5 Nxd5 12. Bd2 f5 13. Bc4 b5 14. Bg5 1-0

[Event "FINAL MISTRZOSTW POLSKI JUNIOROW 2018 - GRUPA  D16"]
[Site "Jastrzebia Gora"]
[Date "1899-12-30"]
[Round "7.12"]
[White "Pyzio, Amelia"]
[Black "Hryn, Aleksandra"]
[Result "1/2-1/2"]
[WhiteTitle "I++"]
[BlackTitle "I"]
[WhiteElo "1780"]
[BlackElo "1558"]

1. e4 Nc6 2. d4 d5 3. e5 Bf5 4. Bb5 e6 5. Nf3 Nge7 6. Nbd2 a6 7. Ba4 b5 8. Bb3
Na5 9. O-O c5 10. c3 Nxb3 11. Nxb3 c4 12. Nbd2 Nc6 13. h3 Be7 14. Nh2 h5 15. f4
Bd3 16. Rf3 Kd7 17. a4 Ra7 18. axb5 axb5 19. Rxa7+ Nxa7 20. Ndf1 Be4 21. Re3 g5
22. Qe2 Bf5 23. Rf3 g4 24. hxg4 hxg4 25. Rf2 Qg8 26. g3 Qg6 27. Be3 Nc6 28. Qd1
Ra8 29. Rd2 Ra7 30. Bf2 Na5 31. Qe2 Nb3 32. Rd1 Ra8 33. Be3 Rg8 34. Bf2 Bc2 35.
Re1 Bd3 36. Qd1 Bxf1 37. Rxf1 Qh5 38. Be1 Qh3 39. Qc2 Na1 40. Qf2 Rh8 41. Qg2
Qh5 42. Bd2 Nb3 43. Be3 Qf5 44. Rd1 Rh3 45. Bf2 Rh8 46. Be1 Rb8 47. Qe2 Rg8 48.
Qg2 1/2-1/2

[Event "FINAL MISTRZOSTW POLSKI JUNIOROW 2018 - GRUPA  D16"]
[Site "Jastrzebia Gora"]
[Date "1899-12-30"]
[Round "7.13"]
[White "Tarka, Aleksandra"]
[Black "Bilczewska, Olga"]
[Result "1-0"]
[WhiteTitle "I++"]
[BlackTitle "I+"]
[WhiteElo "1761"]
[BlackElo "1609"]

1. d4 d5 2. Nc3 c6 3. Nf3 f5 4. Ne5 Nf6 5. Bf4 e6 6. e3 Be7 7. h3 Nbd7 8. Bd3 O-O
9. g4 Ne4 10. Rg1 Nxe5 11. Bxe5 Bf6 12. Bf4 Bg5 13. Bxe4 fxe4 14. Ne2 Bd7 15.
Qd2 Bxf4 16. Nxf4 Qe7 17. O-O-O Rac8 18. g5 e5 19. dxe5 Qxe5 20. Qd4 Qxd4 21.
Rxd4 Bf5 22. Rgd1 g6 23. c4 dxc4 24. Rxc4 Rcd8 25. Rcd4 Rxd4 26. Rxd4 Rf7 27.
Kc2 Rd7 28. Rxd7 Bxd7 29. Kc3 Kf7 30. Kd4 Bf5 31. h4 b6 32. Ke5 c5 33. Ne2 a5
34. Nc3 Be6 35. a3 Bf5 36. Na4 b5 37. Nxc5 b4 38. axb4 axb4 39. Nxe4 Be6 40. Nf6
1-0

[Event "FINAL MISTRZOSTW POLSKI JUNIOROW 2018 - GRUPA  D16"]
[Site "Jastrzebia Gora"]
[Date "1899-12-30"]
[Round "7.14"]
[White "Koruch, Maria"]
[Black "Sivickis, Wiktoria"]
[Result "1-0"]
[WhiteTitle "I"]
[BlackTitle "I"]
[WhiteElo "1627"]
[BlackElo "1627"]

1. e4 d5 2. exd5 Qxd5 3. Nc3 Qa5 4. d4 Nf6 5. Nf3 Bg4 6. Bc4 Nbd7 7. O-O e6 8.
Re1 Nb6 9. Re5 Qb4 10. Bb5+ c6 11. Be2 O-O-O 12. Be3 Nbd7 13. a3 Qe7 14. Ra5 Bxf3
15. Bxf3 Nb6 16. Rxa7 e5 17. Bxc6 Qe6 18. d5 Nfxd5 19. Nxd5 Nxd5 20. Bxb7+ Kb8
21. Ra8+ 1-0

[Event "FINAL MISTRZOSTW POLSKI JUNIOROW 2018 - GRUPA  D16"]
[Site "Jastrzebia Gora"]
[Date "1899-12-30"]
[Round "7.15"]
[White "Roszkiewicz, Anna"]
[Black "Wolagiewicz, Kinga"]
[Result "1-0"]
[WhiteTitle "I+"]
[BlackTitle "I"]
[WhiteElo "1693"]
[BlackElo "1689"]

1. e4 Nc6 2. d4 d5 3. e5 Bf5 4. Nf3 e6 5. Be3 Qd7 6. c3 Nge7 7. Nbd2 f6 8. exf6
gxf6 9. Nh4 O-O-O 10. Nb3 e5 11. Nc5 Qd6 12. Qb3 Na5 13. Qb5 Qb6 14. Nxf5 Nxf5
15. Qxb6 axb6 16. Ne6 Re8 17. Nxf8 Rhxf8 18. O-O-O exd4 19. Bxd4 c5 20. Be3 Nxe3
21. fxe3 Re5 22. Bb5 Nc6 23. Rhe1 Ne7 24. Bd3 f5 25. Kd2 Ng6 26. Rf1 Kc7 27. Rf3
Nh4 28. Rf2 Kd6 29. Rdf1 Rfe8 30. Bxf5 Nxf5 31. Rxf5 Rxe3 32. Rf6+ Kc7 33. Rf7+
R3e7 34. R1f6 b5 35. Kd3 Kb8 36. Rxe7 Rxe7 37. Rb6 Kc7 38. Rxb5 b6 39. Kd2 Rf7
40. Ke3 Rf1 41. Rb3 Rb1 42. Kf4 Kc6 43. g4 Rh1 44. Kg3 Rg1+ 45. Kh4 Rg2 46. h3
Re2 47. Kh5 Re7 48. Ra3 Kb7 49. Ra4 Re5+ 50. g5 c4 51. h4 Re4 52. Rb4 Kc6 53.
b3 cxb3 54. Rxb3 Kc5 55. Ra3 Kc4 56. Rb3 b5 57. Rb1 Kxc3 58. Rxb5 d4 59. Rc5+
Kd2 60. Rc7 Ke3 61. Rxh7 d3 62. Rb7 d2 63. Rb1 Rc4 64. Rd1 Rc8 65. g6 Ke2 66.
Rxd2+ Kxd2 67. g7 Ke3 68. Kh6 Kf3 69. Kh7 Rc4 70. h5 Rh4 71. h6 1-0

[Event "FINAL MISTRZOSTW POLSKI JUNIOROW 2018 - GRUPA  D16"]
[Site "Jastrzebia Gora"]
[Date "1899-12-30"]
[Round "7.16"]
[White "Sawa, Daria"]
[Black "Komorowska, Marcelina"]
[Result "1-0"]
[WhiteTitle "I"]
[BlackTitle "II+"]
[WhiteElo "1432"]
[BlackElo "1209"]

1. e4 e5 2. Nf3 Nc6 3. Bc4 Bc5 4. c3 Nf6 5. d4 exd4 6. cxd4 Bb4+ 7. Bd2 Bxd2+ 8.
Nbxd2 d5 9. exd5 Nxd5 10. O-O O-O 11. Ne5 Nxe5 12. dxe5 Nf4 13. Nf3 Bg4 14. Qb3
b5 15. Bxb5 Rb8 16. Qc4 Nh3+ 17. Kh1 Bxf3 18. gxf3 Qg5 19. Rae1 Rb6 20. Bd7 Qf4
21. Qxf4 Nxf4 22. b3 Rd8 23. Rd1 Kf8 24. Bf5 Rbb8 25. h4 h6 26. Kh2 Ke7 27. Rc1
Nd5 28. Be4 Nb4 29. Rxc7+ Rd7 30. Rxd7+ Kxd7 31. a3 Na6 32. b4 Nc7 33. Rd1+ Ke7
34. Kg3 Rd8 35. Rxd8 Kxd8 36. a4 Na6 37. b5 Nc5 38. Bc2 Ke7 39. Kf4 Ke6 40. a5
Kd7 41. Be4 Kc7 42. Bd5 Nd3+ 43. Kf5 Kd7 44. Bxf7 Ke7 45. Bd5 1-0

[Event "FINAL MISTRZOSTW POLSKI JUNIOROW 2018 - GRUPA  D16"]
[Site "Jastrzebia Gora"]
[Date "1899-12-30"]
[Round "7.17"]
[White "Filipska, Maja"]
[Black "Nowicka, Julia"]
[Result "1-0"]
[WhiteTitle "I++"]
[BlackTitle "I"]
[WhiteElo "1708"]
[BlackElo "1283"]

1. e4 e5 2. Nf3 Nc6 3. d4 exd4 4. Nxd4 Bc5 5. Be3 Qf6 6. Nb5 Bxe3 7. fxe3 Qd8 8.
Qg4 Kf8 9. Qf4 d6 10. Bc4 Ne5 11. O-O Nf6 12. Bb3 Bd7 13. N5c3 c6 14. Nd2 Qe7
15. h3 Ke8 16. Rae1 Nh5 17. Qf2 Be6 18. Ne2 g5 19. Ng3 Nxg3 20. Qxg3 h5 21. Bxe6
fxe6 22. Qf2 Rg8 23. Qf6 g4 24. h4 g3 25. Qh6 Kd7 26. Nf3 Nxf3+ 27. Rxf3 Rh8 28.
Qf4 Raf8 29. Qxg3 Rhg8 30. Qh3 Rg4 31. Rxf8 Qxf8 32. Rf1 Qg7 33. Qf3 Rxh4 34.
Qf7+ Qxf7 35. Rxf7+ Kc8 36. Rf4 Rxf4 37. exf4 Kd7 38. Kf2 Ke7 39. Kg3 Kf6 40.
Kh4 Kg6 41. f5+ exf5 42. exf5+ Kxf5 43. Kxh5 Kf6 44. g4 Kg7 45. Kg5 d5 46. b4
d4 47. Kf5 Kf7 48. a4 b6 49. Ke5 Kg6 50. Kd6 Kg5 51. Kxc6 Kxg4 52. Kd5 Kf5 53.
Kxd4 Ke6 54. Kc4 Kd6 55. Kb5 Kc7 56. Ka6 Kb8 57. c4 Ka8 58. a5 bxa5 59. Kxa5 Kb7
60. b5 a6 61. b6 Kb8 62. Kxa6 Ka8 63. c5 Kb8 64. b7 Kc7 65. Ka7 1-0

[Event "FINAL MISTRZOSTW POLSKI JUNIOROW 2018 - GRUPA  D16"]
[Site "Jastrzebia Gora"]
[Date "1899-12-30"]
[Round "7.18"]
[White "Chomicka, Kinga"]
[Black "Zygmunt, Patrycja"]
[Result "1-0"]
[WhiteTitle "I"]
[BlackTitle "I"]
[WhiteElo "1398"]
[BlackElo "1370"]

1. e4 e5 2. Nf3 Nc6 3. Bc4 Bc5 4. c3 Nf6 5. d3 d6 6. Bb3 a6 7. Nbd2 Bg4 8. h3 Bh5
9. Nf1 Ne7 10. Be3 Ba7 11. Qe2 c5 12. g4 Bg6 13. Nh4 h6 14. Ng3 Qd7 15. Nxg6 fxg6
16. f4 exf4 17. Bxf4 g5 18. Be3 O-O-O 19. O-O-O g6 20. Rhf1 Rhf8 21. Rf3 Nc6 22.
Rdf1 Qe7 23. Kb1 Ne5 24. R3f2 Nc6 25. Qd2 b5 26. Bc2 d5 27. exd5 Rxd5 28. Ne4
Nxe4 29. Rxf8+ Nd8 30. Qg2 Nxc3+ 31. bxc3 Re5 32. Bc1 Bb8 33. R1f7 Qd6 34. Qb7#
1-0